Statistiques concernant CSGO Top 20 HLTV 2022

Cliquez ici pour prendre le quiz!

Statistiques générales

  • Ce quiz a été pris 48 fois
  • Le résultat moyen est 13 sur 20

Statistiques - réponses

Top #CountryPlayer% Correct
1Ukraines1mple
100%
2FranceZywOo
100%
5Bosnia and HerzegovinaNiKo
87%
8Estoniaropz
87%
18IsraelSpinx
84%
16Ukraineb1t
77%
6Latviabroky
77%
14Bosnia and HerzegovinahuNter-
77%
3Russiash1ro
74%
11CanadaTwistzz
74%
7Russiam0NESY
68%
13Norwayrain
68%
9BrazilKSCERATO
65%
10Denmarkstavn
58%
17Slovakiafrozen
55%
4RussiaAx1Le
52%
20RussiaJame
45%
15LatviaYEKINDAR
42%
12DenmarkblameF
39%
19Brazilyuurih
19%

Distribution des résultats

Percentile par nombre de réponses

% des personnes avec chaque résultat

Votre développement - résultats

Vous n’avez pas pris ce quiz